All Named Characters in Kane Parsons' (Kane Pixels) Backrooms - Statistics

General Stats
  • This quiz has been taken 12 times
    9 since last reset
  • The average score is 6 of 27
Answer Stats
Hint Characters % Correct
Cameraman in Found Footage#1 Kane Pixels
88%
Vice Director of the AsyncResearch Institute Ivan Beck
75%
Missing man whose corpse isfound and dissected by Async Nicholas Bolton
75%
Former cameraman for Async Peter Tench
63%
Hostile character that appearsin most Found Footage videos and Pitfalls The Lifeform
63%
Main cameraman for Async Marvin E. Leigh
50%
Protagonist of Found Footage#3 Ravi
50%
Async hazmat scientist Mark Blume
38%
Antagonist of Found Footage#3 Still Life
38%
Missing child Ellis White
25%
Missing woman Margaret Watson
25%
Async hazmat scientist Kim
13%
High-ranking Async supervisor Kirk Maxwell
13%
Senior official at Async Anthony Dawkins
0%
Async researcher Clyde
0%
Async hazmat scientist George Levy
0%
Missing man James Esmail
0%
US Secretary of Energy James Watkins
0%
Missing woman Janice Scott
0%
Researcher from the USDepartment of Energy Julia Meisner
0%
Uploader of the Simpsons video Laura Harris
0%
Director of the film being madeat the beginning of Found
Footage #1
Matesse Aaron
0%
Async researcher Miller
0%
Supervisor of the prototype testat the Oak Ridge National Lab Philip Heymann
0%
Async hazmat scientist Randall Tachi
0%
Async hazmat scientist Ronald McCarthy
0%
KGO-TV news reporter Tony Russomanno
0%
No matching quizzes found
Score Distribution
Percent of People with Each Score
Percentile by Number Answered
Your Score History
You have not taken this quiz since the last reset